<?xml version="1.0" encoding="UTF-8"?>
<record
    xmlns:xsi="http://www.w3.org/2001/XMLSchema-instance"
    xsi:schemaLocation="http://www.loc.gov/MARC21/slim http://www.loc.gov/standards/marcxml/schema/MARC21slim.xsd"
    xmlns="http://www.loc.gov/MARC21/slim">

  <leader>00581nam a2200193 a 4500</leader>
  <controlfield tag="003">OSt</controlfield>
  <controlfield tag="005">20240226131318.0</controlfield>
  <controlfield tag="008">180228t        pk     | |||| 000 f urd d</controlfield>
  <datafield tag="040" ind1=" " ind2=" ">
    <subfield code="c">0</subfield>
  </datafield>
  <datafield tag="082" ind1=" " ind2=" ">
    <subfield code="a">891.4393</subfield>
    <subfield code="b">HAJ</subfield>
  </datafield>
  <datafield tag="100" ind1="1" ind2="0">
    <subfield code="a">&#x62D;&#x62C;&#x627;&#x632;&#x6CC;&#x60C;&#x646;&#x633;&#x64A;&#x645;</subfield>
    <subfield code="9">47098</subfield>
  </datafield>
  <datafield tag="245" ind1="1" ind2="0">
    <subfield code="a">&#x622;&#x62E;&#x631;&#x6CC; &#x645;&#x63A;&#x631;&#x6A9;&#x6C1;</subfield>
    <subfield code="c">Naseem Hajazi</subfield>
  </datafield>
  <datafield tag="246" ind1=" " ind2=" ">
    <subfield code="a">Akhree Markah</subfield>
  </datafield>
  <datafield tag="260" ind1=" " ind2=" ">
    <subfield code="a">Lahore:</subfield>
    <subfield code="b">Jahangir Book Deepo;</subfield>
  </datafield>
  <datafield tag="300" ind1=" " ind2=" ">
    <subfield code="a">592 p.</subfield>
  </datafield>
  <datafield tag="650" ind1=" " ind2=" ">
    <subfield code="a">Urdu literature</subfield>
    <subfield code="v">Noval</subfield>
    <subfield code="9">121292</subfield>
  </datafield>
  <datafield tag="942" ind1=" " ind2=" ">
    <subfield code="2">ddc</subfield>
    <subfield code="c">BK</subfield>
    <subfield code="a">SADA</subfield>
    <subfield code="k">891.4393 HAJ</subfield>
  </datafield>
  <datafield tag="999" ind1=" " ind2=" ">
    <subfield code="c">608200</subfield>
    <subfield code="d">608200</subfield>
  </datafield>
  <datafield tag="952" ind1=" " ind2=" ">
    <subfield code="0">0</subfield>
    <subfield code="1">0</subfield>
    <subfield code="2">ddc</subfield>
    <subfield code="4">0</subfield>
    <subfield code="7">0</subfield>
    <subfield code="a">SADA</subfield>
    <subfield code="b">SADA</subfield>
    <subfield code="d">2018-02-09</subfield>
    <subfield code="e">Donation</subfield>
    <subfield code="l">0</subfield>
    <subfield code="o">891.4393 HAJ</subfield>
    <subfield code="p">SADAD0000298</subfield>
    <subfield code="r">2024-02-26</subfield>
    <subfield code="v">402.50</subfield>
    <subfield code="w">2024-02-26</subfield>
    <subfield code="y">BK</subfield>
  </datafield>
</record>
